[Event "World ol U16"]
[Site "Poprad"]
[Date "2016.07.25"]
[Round "5.1"]
[White "Gorcsi, Gabor"]
[Black "Makhnyov, Denis"]
[Result "1/2-1/2"]
[WhiteElo "2263"]
[BlackElo "2351"]
[PlyCount "93"]
[EventDate "2016.07.22"]
[EventType "team-swiss"]
[EventRounds "9"]
[EventCountry "SVK"]
[SourceTitle "EXT 2017"]
[Source "ChessBase"]
[SourceDate "2016.10.25"]
[SourceVersion "1"]
[SourceVersionDate "2016.10.25"]
[SourceQuality "1"]
[WhiteTeam "Hungary II"]
[BlackTeam "Kazakhstan"]
[WhiteTeamCountry "HUN"]
[BlackTeamCountry "KAZ"]

1. d4 d5 2. Nf3 Nf6 3. g3 Bf5 4. Bg2 c6 5. 0-0 h6 6. c4 e6 7. Nc3 Nbd7 8. Nd2 Be7 9. e4 dxe4 10. Ndxe4 Nxe4 11. Nxe4 0-0 12. Be3 Bxe4 13. Bxe4 Nf6 14. Bg2 Qa5 15. Qe2 Rfd8 16. a3 Rd7 17. Rfd1 Rad8 18. h3 Qa4 19. Rdc1 Bd6 20. f4 Bc7 21. Bf2 Qa5 22. b4 Qf5 23. Qc2 Qxc2 24. Rxc2 Bb6 25. c5 Bc7 26. a4 Nd5 27. b5 Ba5 28. Bxd5 Rxd5 29. bxc6 bxc6 30. Rb1 R5d7 31. Kf1 Kf8 32. Ke2 Ke8 33. Kd3 Rc8 34. Kc4 Bd8 35. Rcb2 Bf6 36. Rb7 Kd8 37. a5 Rxb7 38. Rxb7 Rc7 39. Rxc7 Kxc7 40. a6 h5 41. Kd3 Kd7 42. Ke4 Bd8 43. Be1 g6 44. Bd2 Bc7 45. Be1 Bd8 46. Bd2 Bc7 47. Be1 1/2-1/2

[Event "World ol U16"]
[Site "Poprad"]
[Date "2016.07.23"]
[Round "2.1"]
[White "Makhnyov, Denis"]
[Black "Macovei, Andrei"]
[Result "1-0"]
[WhiteElo "2351"]
[BlackElo "2396"]
[PlyCount "75"]
[EventDate "2016.07.22"]
[EventType "team-swiss"]
[EventRounds "9"]
[EventCountry "SVK"]
[SourceTitle "EXT 2017"]
[Source "ChessBase"]
[SourceDate "2016.10.25"]
[SourceVersion "1"]
[SourceVersionDate "2016.10.25"]
[SourceQuality "1"]
[WhiteTeam "Kazakhstan"]
[BlackTeam "Moldova"]
[WhiteTeamCountry "KAZ"]
[BlackTeamCountry "MDA"]

1. d4 Nf6 2. c4 g6 3. Nc3 Bg7 4. e4 d6 5. Nf3 0-0 6. Be2 e5 7. 0-0 Nc6 8. d5 Ne7 9. Qc2 Nd7 10. Be3 f5 11. Ng5 Nc5 12. b4 Nxe4 13. Ncxe4 fxe4 14. Nxe4 Nf5 15. Bg5 Qe8 16. Qd2 Bd7 17. Rac1 h6 18. Be3 Qe7 19. c5 Rfc8 20. cxd6 cxd6 21. Rxc8+ Rxc8 22. Bxa7 Nd4 23. Bd3 Bf5 24. Re1 Qc7 25. Bxd4 exd4 26. Qd1 Kh7 27. h4 Be5 28. h5 Qf7 29. Qf3 Kg7 30. Nc5 dxc5 31. Rxe5 Bxd3 32. Qxd3 Rf8 33. f3 cxb4 34. Qxd4 Kh7 35. d6 Qxa2 36. Re7+ Rf7 37. Rxf7+ Qxf7 38. d7 1-0

[Event "KAZ-ch sf"]
[Site "Pavlodar"]
[Date "2016.02.14"]
[Round "9"]
[White "Makhnyov, Denis"]
[Black "Kassimov, Baurzhan"]
[Result "1/2-1/2"]
[WhiteElo "2351"]
[BlackElo "2414"]
[PlyCount "48"]
[EventDate "2016.02.05"]
[EventType "swiss"]
[EventRounds "9"]
[EventCountry "KAZ"]
[SourceTitle "CBM 171 Extra"]
[Source "ChessBase"]
[SourceDate "2016.04.26"]
[SourceVersion "1"]
[SourceVersionDate "2016.04.26"]
[SourceQuality "1"]

1. c4 Nf6 2. g3 g6 3. Bg2 Bg7 4. Nf3 0-0 5. 0-0 c5 6. d4 d6 7. Nc3 Nc6 8. d5 Na5 9. Qd3 a6 10. e4 b5 11. cxb5 axb5 12. Nxb5 Ba6 13. a4 Nd7 14. Rb1 c4 15. Qc2 Bxb5 16. axb5 Qb6 17. Bd2 Qxb5 18. Bxa5 Rxa5 19. Rfc1 Nb6 20. Bf1 Ra2 21. Bxc4 Nxc4 22. Qxc4 Qxc4 23. Rxc4 Rxb2 24. Rxb2 Bxb2 1/2-1/2

[Event "KAZ-ch sf"]
[Site "Pavlodar"]
[Date "2016.02.09"]
[Round "4"]
[White "Sannikov, Igor"]
[Black "Makhnyov, Denis"]
[Result "0-1"]
[WhiteElo "2223"]
[BlackElo "2351"]
[PlyCount "84"]
[EventDate "2016.02.05"]
[EventType "swiss"]
[EventRounds "9"]
[EventCountry "KAZ"]
[SourceTitle "CBM 171 Extra"]
[Source "ChessBase"]
[SourceDate "2016.04.26"]
[SourceVersion "1"]
[SourceVersionDate "2016.04.26"]
[SourceQuality "1"]

1. e4 e5 2. Nf3 Nc6 3. Bb5 Nf6 4. 0-0 Nxe4 5. Qe2 Nd6 6. Bxc6 dxc6 7. Nxe5 Be7 8. Re1 Be6 9. d4 Nf5 10. c3 0-0 11. Nd2 Re8 12. Ne4 f6 13. Nd3 Bf8 14. Qc2 b6 15. Bd2 Qd7 16. Nf4 Bf7 17. Rad1 a5 18. b3 a4 19. Bc1 axb3 20. axb3 Rad8 21. Bb2 Nd6 22. f3 Re7 23. c4 Rde8 24. Re2 Qf5 25. Nxd6 Qxc2 26. Rxc2 cxd6 27. d5 c5 28. Kf2 b5 29. Re2 Rxe2+ 30. Nxe2 Rb8 31. Bc3 Bg6 32. Rd2 bxc4 33. bxc4 Ra8 34. Nf4 Bb1 35. Rb2 Ba2 36. Rb7 Bxc4 37. Bxf6 gxf6 38. Nh5 Kh8 39. Rd7 Bxd5 40. Nxf6 Bg8 41. g4 c4 42. g5 Rc8 0-1

[Event "KAZ-ch sf"]
[Site "Pavlodar"]
[Date "2016.02.08"]
[Round "3"]
[White "Makhnyov, Denis"]
[Black "Ibragimov, Adilbek"]
[Result "1/2-1/2"]
[WhiteElo "2351"]
[BlackElo "2123"]
[PlyCount "80"]
[EventDate "2016.02.05"]
[EventType "swiss"]
[EventRounds "9"]
[EventCountry "KAZ"]
[SourceTitle "CBM 171 Extra"]
[Source "ChessBase"]
[SourceDate "2016.04.26"]
[SourceVersion "1"]
[SourceVersionDate "2016.04.26"]
[SourceQuality "1"]

1. d4 Nf6 2. Nf3 g6 3. c4 Bg7 4. Nc3 0-0 5. e4 d6 6. Be2 e5 7. 0-0 Nc6 8. d5 Ne7 9. b4 Nh5 10. g3 f5 11. Ng5 Nf6 12. Bf3 h6 13. Ne6 Bxe6 14. dxe6 c6 15. Ba3 fxe4 16. Nxe4 Nxe4 17. Bxe4 d5 18. cxd5 cxd5 19. Bg2 Qd6 20. Qb3 b5 21. Rad1 Rad8 22. Bxd5 Nxd5 23. e7 Qxe7 24. Rxd5 Kh7 25. Rxb5 e4 26. Bc1 Rd3 27. Qc4 Bd4 28. Rd5 Rxf2 29. Qb5 Rxf1+ 30. Kxf1 Qf7+ 31. Bf4 Rf3+ 32. Ke2 Bg7 33. Qc6 Rxf4 34. gxf4 Qxf4 35. Rd1 Qxh2+ 36. Ke3 Qg3+ 37. Ke2 Qg2+ 38. Ke1 Qh1+ 39. Ke2 Qh2+ 40. Ke1 Qh1+ 1/2-1/2

[Event "KAZ-ch sf"]
[Site "Pavlodar"]
[Date "2016.02.07"]
[Round "2"]
[White "Yurovsky, Sergey"]
[Black "Makhnyov, Denis"]
[Result "0-1"]
[WhiteElo "2129"]
[BlackElo "2351"]
[PlyCount "68"]
[EventDate "2016.02.05"]
[EventType "swiss"]
[EventRounds "9"]
[EventCountry "KAZ"]
[SourceTitle "CBM 171 Extra"]
[Source "ChessBase"]
[SourceDate "2016.04.26"]
[SourceVersion "1"]
[SourceVersionDate "2016.04.26"]
[SourceQuality "1"]

1. c4 Nf6 2. Nf3 c5 3. g3 b6 4. Bg2 Bb7 5. d4 cxd4 6. Qxd4 g6 7. 0-0 Bg7 8. Qd3 0-0 9. Nbd2 Na6 10. a3 Nc5 11. Qb1 Nfe4 12. Qc2 Nxd2 13. Nxd2 Bxg2 14. Kxg2 d5 15. Nf3 Rc8 16. cxd5 Qxd5 17. Qd2 Qe6 18. Qe3 Qxe3 19. Bxe3 Bxb2 20. Ra2 Na4 21. Rb1 Bf6 22. Rb4 Nc3 23. Rd2 Rfd8 24. Bd4 Bxd4 25. Rbxd4 Rxd4 26. Rxd4 Rc7 27. e3 f6 28. Rd8+ Kf7 29. Nd4 e5 30. Rh8 Rc4 31. Nb3 Kg7 32. Rd8 Rc7 33. Nd2 Kf7 34. g4 Nb5 0-1

[Event "Pavlodar op"]
[Site "Pavlodar"]
[Date "2015.12.11"]
[Round "6"]
[White "Burmakin, Vladimir"]
[Black "Makhnyov, Denis"]
[Result "1-0"]
[WhiteElo "2556"]
[BlackElo "2406"]
[PlyCount "53"]
[EventDate "2015.12.07"]
[EventType "swiss"]
[EventRounds "10"]
[EventCountry "KAZ"]
[SourceTitle "EXT 2017"]
[Source "ChessBase"]
[SourceDate "2016.10.25"]
[SourceVersion "1"]
[SourceVersionDate "2016.10.25"]
[SourceQuality "1"]

1. d4 d5 2. Nf3 Nc6 3. g3 Bf5 4. Bg2 Nb4 5. Na3 e6 6. c4 dxc4 7. Nh4 c6 8. Nxf5 exf5 9. Nxc4 Nf6 10. Qb3 Qd7 11. 0-0 Be7 12. Bd2 Nbd5 13. Ne5 Qc7 14. Qc2 g6 15. f3 Qb6 16. e3 0-0 17. Nc4 Qd8 18. Rad1 Nc7 19. Kh1 Ne6 20. Be1 h5 21. Qb3 Rb8 22. Ne5 Kg7 23. Bc3 Nd5 24. e4 Nxc3 25. Qxc3 fxe4 26. d5 exf3 27. dxe6 1-0

[Event "Pavlodar op"]
[Site "Pavlodar"]
[Date "2015.12.07"]
[Round "1"]
[White "Makhnyov, Denis"]
[Black "Blankin, Talgat"]
[Result "1-0"]
[WhiteElo "2406"]
[BlackElo "1929"]
[PlyCount "61"]
[EventDate "2015.12.07"]
[EventType "swiss"]
[EventRounds "10"]
[EventCountry "KAZ"]
[SourceTitle "EXT 2017"]
[Source "ChessBase"]
[SourceDate "2016.10.25"]
[SourceVersion "1"]
[SourceVersionDate "2016.10.25"]
[SourceQuality "1"]

1. d4 d5 2. c4 e6 3. Nf3 Nf6 4. Nc3 Be7 5. Bf4 c6 6. e3 0-0 7. h3 Nbd7 8. Bd3 dxc4 9. Bxc4 Nb6 10. Bd3 Nbd5 11. Be5 Nxc3 12. bxc3 h6 13. 0-0 Bd6 14. a4 Bxe5 15. Nxe5 Qc7 16. a5 a6 17. Qb3 Rd8 18. Bc2 Bd7 19. Rfb1 Rab8 20. Qb6 Qxb6 21. Rxb6 Nd5 22. Rb3 Be8 23. c4 Ne7 24. Rab1 f6 25. Nd3 Bg6 26. Rxb7 Rxb7 27. Rxb7 Kf8 28. Nb4 Bxc2 29. Nxc2 e5 30. Kf1 Kf7 31. Nb4 1-0